الطائرة / (رقم التسجيلة. 114434)

تفاصيل مارك
000 -LEADER
fixed length control field 00705nam a22002297a 4500
005 - DATE AND TIME OF LATEST TRANSACTION
control field 20251108174639.0
008 - FIXED-LENGTH DATA ELEMENTS--GENERAL INFORMATION
fixed length control field 250721s2007 xx 000 0 ara d
020 ## - INTERNATIONAL STANDARD BOOK NUMBER
International Standard Book Number 9774082745
082 14 - DEWEY DECIMAL CLASSIFICATION NUMBER
Classification number ط/629.287/وست
100 1# - MAIN ENTRY--PERSONAL NAME
Personal name وست، دافيد
245 10 - TITLE STATEMENT
Title الطائرة /
246 11 - VARYING FORM OF TITLE
Title proper/short title plane
264 1# - PRODUCTION, PUBLICATION, DISTRIBUTION, MANUFACTURE, AND COPYRIGHT NOTICE
Place of production, publication, distribution, manufacture الجيزة :
Name of producer, publisher, distributor, manufacturer دار الفاروق للاستثمارات الثقافية،
Date of production, publication, distribution, manufacture, or copyright notice 2007.
300 ## - PHYSICAL DESCRIPTION
Extent 31ص.
490 0# - SERIES STATEMENT
Series statement لماذا لا تعمل الأشياء؟ why things dont work?
650 17 - SUBJECT ADDED ENTRY--TOPICAL TERM
Topical term or geographic name as entry element المركبات
650 17 - SUBJECT ADDED ENTRY--TOPICAL TERM
Topical term or geographic name as entry element الصيانه
653 ## - INDEX TERM--UNCONTROLLED
Uncontrolled term ناشاون صغار(10-14)سنه
700 1# - ADDED ENTRY--PERSONAL NAME
Personal name كراولي، دومينيك
942 ## - ADDED ENTRY ELEMENTS (KOHA)
Source of classification or shelving scheme Dewey Decimal Classification
Koha item type كتب
المقتنيات
حالة السحب حالة الفقدان مصدر التصنيف حالة التلف غير قابل للإعارة المكتبة الرئيسية المكتبة الحالية موقع الرف تاريخ التزويد الرقم المتسلسل Total Checkouts رقم الإستدعاء الباركود تاريخ آخر ظهور تاريخ الفاتورة نوع المادة (كوها)
    Dewey Decimal Classification     مكتبة أم المؤمنين للأطفال مكتبة أم المؤمنين للأطفال الأطفال 23/10/2008 1228593   ط/629.287/وست PLD00045925 28/07/2025 23/10/2008 كتب
    Dewey Decimal Classification     مكتبة أم قصير والمقابلين العامة مكتبة أم قصير والمقابلين العامة الأطفال 23/10/2008 1228594   ط/629.287/وست PLD00045920 28/07/2025 23/10/2008 كتب
    Dewey Decimal Classification     مكتبة الراية الهاشمية للأطفال مكتبة الراية الهاشمية للأطفال الأطفال 28/07/2025 1228585   ط/629.287/وست PLD00045852 28/07/2025 28/07/2025 كتب
    Dewey Decimal Classification     مكتبة النصر العامة مكتبة النصر العامة الأطفال 23/10/2008 1228589   ط/629.287/وست PLD00045923 28/07/2025 23/10/2008 كتب
    Dewey Decimal Classification     مكتبة الياسمين للأطفال مكتبة الياسمين للأطفال الأطفال 23/10/2008 1228591   ط/629.287/وست PLD00045922 28/07/2025 23/10/2008 كتب
Implemented & Customized by: BBB with SCIT (Smart Chains for Information Technology)

Powered by Koha